Zmeny v zložení silice mäty priepornej v rôznych fázach ontogenézy a po aplikácii Simazínu

Bibliographic Details
Main Authors: Vaverková, Štefánia, 1945- (Author), Felklová, Melanie, 1926- (Author), Hollá, M. (Author)
Format: Article
Language:Slovak
Subjects:

MARC

LEADER 00000nab a2200000 a 4500
001 vtls000294564
003 SK-MaSNL
005 20260305044453.0
008 250422c1987 xo 0 slo
015 |a SNBRB19rr/mm-uuuuu 
035 |a CL0304683 
035 |a urn:nbn:sk:snk-ab1pf3 
035 |a (urnnbn)urn:nbn:sk:snk:ar-004ula 
035 |a (uuid)df6d1f49-0d6c-44e7-9db8-7ee710268caa 
040 |a SNKBUCL  |b slo  |c SNKBUCL  |e AACR2 
041 0 |a slo 
044 |a xo  |c SK 
080 |a 615.322:582.949.27  |2 1981 
080 |a 582.949.27  |2 1981 
100 1 |a Vaverková, Štefánia,  |d 1945-  |4 aut  |9 5603 
245 1 0 |a Zmeny v zložení silice mäty priepornej v rôznych fázach ontogenézy a po aplikácii Simazínu  |c Š. Vaverková, M. Felklová, M. Hollá 
300 |b Tb. 5. Res. rus., angl., nem., lit. 21 zázn. v ruš., angl., nem. 
650 0 7 |a mäta pieporná  |2 snkbucl  |9 19514 
650 0 7 |a Silica  |2 snkbucl  |9 1212572 
650 0 7 |a zmeny  |2 snkbucl  |9 474771 
655 7 |a články z novín a časopisov  |2 snkbucl  |9 267496 
700 1 |a Felklová, Melanie,  |d 1926-  |4 aut  |9 38016 
700 1 |a Hollá, M.  |4 aut  |9 555005 
773 0 |t Farmaceutický obzor  |g Roč. 56, č. 6 (1987), s. 261-269 
850 |a Slovenská národná knižnica 
852 |a Slovenská národná knižnica 
954 |a odborná, vedecká literatúra pôvodná (slovenská)  |2 lita 
958 |a article27 
958 |a OND 
958 |a NB 
958 |a RK 
958 |a MI 
958 |a EUIPO 
992 |a RBX 
999 |c 3358821  |d 3360751